00522nam a2200169Ia 4500003000400000082001600004100002400020245006700044260009100111300001000202502000800212650001800220650002200238700002400260856005600284546001200340OSt a637bSAD/ST aSadananda Talukdar  aStudies on the whey proteins of cows milk in induced lactation aMannuthybDepartment of Dairy Science, College of Veterinary and Animal Sciencesc1985 a129p. aMSc aDairy science aAnimal husbandary aPavithran K (Guide) uhttp://krishikosh.egranth.ac.in/handle/1/5810037970 aEnglish